| 000 | 00953nam a22003017a 4500 | ||
|---|---|---|---|
| 003 | CHAP | ||
| 005 | 20220329135300.0 | ||
| 008 | 971013s1981 r 00010 d | ||
| 010 | _a33731 | ||
| 011 | _a34703 | ||
| 035 | _a38819 | ||
| 040 | _cCHAP | ||
| 082 |
_a636.293 _bE5 |
||
| 110 |
_aEmpresa Brasileira de Pesquisa Agropecuaria. Centro de Pesquisa Agropecuaria do Tropico Unido _936600 |
||
| 245 | _aBubalinos | ||
| 260 |
_aBrasilia, D.F. : _b(s.e.), _c1981 |
||
| 300 | _a192 p. | ||
| 490 |
_aRecursos informativos _v; 18 |
||
| 590 |
_aBATCH-UPD _b10 _c20130110 _lUCH01 _h2217 |
||
| 590 |
_aBATCH-UPD _b10 _c20130410 _lUCH01 _h1517 |
||
| 590 |
_aBATCH-UPD _b10 _c20130914 _lUCH01 _h0749 |
||
| 590 |
_aCONVERSION _b10 _c20130109 _lUCH01 _h1319 |
||
| 650 | 1 | 4 |
_aBúfalos _xBibliografía. _914738 |
| 830 | 0 |
_aRecursos informativos _v; 18 _995140 |
|
| 901 | _aBK | ||
| 942 | _cLIBRO | ||
| 949 |
_a636.293 E5 _bBC _cC _d33724000618054 _eC _h62294 _i38819 _mD _si |
||
| 999 |
_c33731 _d33731 |
||